Strategic management / (Record no. 347815)
[ view plain ]
| 000 -LEADER | |
|---|---|
| fixed length control field | 00578 a2200181 4500 |
| 020 ## - INTERNATIONAL STANDARD BOOK NUMBER | |
| International Standard Book Number | 0071145060 (paperback) |
| 020 ## - INTERNATIONAL STANDARD BOOK NUMBER | |
| International Standard Book Number | 9780071145060 (paperback) |
| 090 ## - LOCALLY ASSIGNED LC-TYPE CALL NUMBER (OCLC); LOCAL CALL NUMBER (RLIN) | |
| -- | 5405 |
| -- | 5405 |
| 100 1# - MAIN ENTRY--PERSONAL NAME | |
| Personal name | Dess, Gregory. |
| 245 10 - TITLE STATEMENT | |
| Title | Strategic management / |
| Statement of responsibility, etc. | Gregory Dess, Alex Miller. |
| 250 ## - EDITION STATEMENT | |
| Edition statement | Internat.2r.e. ed. |
| 260 ## - PUBLICATION, DISTRIBUTION, ETC. | |
| Place of publication, distribution, etc. | [S.l.] : |
| Name of publisher, distributor, etc. | McGraw-Hill Education (ISE Editions), |
| Date of publication, distribution, etc. | 1995. |
| 300 ## - PHYSICAL DESCRIPTION | |
| Extent | 992 p. |
| 500 ## - GENERAL NOTE | |
| General note | Import. |
| 700 1# - ADDED ENTRY--PERSONAL NAME | |
| Personal name | Miller, Alex. |
| 856 40 - ELECTRONIC LOCATION AND ACCESS | |
| Materials specified | Amazon.com |
| Uniform Resource Identifier | <a href="http://www.amazon.com/exec/obidos/ASIN/0071145060/chopaconline-20">http://www.amazon.com/exec/obidos/ASIN/0071145060/chopaconline-20</a> |
| 942 ## - ADDED ENTRY ELEMENTS (KOHA) | |
| Institution code [OBSOLETE] | NBS |
| Koha item type | Book |
| Call number prefix | 658.4012 MIL |
| Withdrawn status | Lost status | Damaged status | Not for loan | Permanent Location | Current Location | Date acquired | Total Checkouts | Full call number | Barcode | Date last seen | Date last checked out | Price effective from | Koha item type | Public note |
|---|---|---|---|---|---|---|---|---|---|---|---|---|---|---|
| Write Off | Central Library (CL) | Central Library (CL) | 08/28/2013 | 1 | 658.4012 MIL | NBS1600 | 07/02/2015 | 07/02/2015 | 08/28/2013 | Book | No:67/2004/NIMS, Dated:23 August 2004 |
